| 000 | 01700nam0a2200313 i 4500 | ||
|---|---|---|---|
| 001 | RU\NLR\bibl\1948018 | ||
| 005 | 20260408082453.0 | ||
| 010 |
_a9785905523205 _9300 |
||
| 021 |
_aRU _b2012-65991 _94830 |
||
| 035 | _a(NLR Aleph) 001937194 | ||
| 090 |
_a3515985 _c3515985 |
||
| 100 | _a20120926d2012 k y0rusy50 ca | ||
| 101 | 0 | _arus | |
| 102 | _aRU | ||
| 105 | _aa ||||||||| | ||
| 200 | 1 |
_aПроблемы ценообразования в АПК страны _eмеждународная научно-практическая конференция, 19 апреля 2012 г. |
|
| 210 |
_aМосква _cНасирддинова В.В. _d2012 |
||
| 215 |
_a387 с. _cил. _d21 |
||
| 300 | _aВ надзаг.: Рос. акад. с.-х. наук, Гос. науч. учреждение Всерос. науч.-исслед. ин-т экономики сел. хоз-ва | ||
| 300 | _aНа тит. л.: К 90-летию со дня рождения акад. Росельхозакадемии Василия Романовича Боева | ||
| 320 | _aБиблиогр. в конце докл. | ||
| 606 | 1 |
_aАгропромышленные комплексы _jСъезды, совещания и т.п. _xЦенообразование _yРоссийская Федерация _92197883 _3RU\NLR\auth\661320888 |
|
| 686 | _aУ32(2)-861(2Р)я431 | ||
| 711 | 1 | 2 |
_a"Проблемы ценнообразования в АПК", международная научно-практическая конференция _f2012 _eМосква _3RU\NLR\AUTH\8810223154 _9330928 |
| 801 | 0 |
_aRU _bNLR _c20120926 _gRCR |
|
| 801 | 1 |
_aRU _bNLR _c20120926 |
|
| 942 | _cBOOK | ||
| 980 | _aNBR | ||